Statistics for U.S. Presidents True or False

Click here to take the quiz!

General Stats

  • This quiz has been taken 13,215 times
  • The average score is 13 of 18

Answer Stats

QuestionAnswer% Correct
Dwight Eisenhower was the most recent Army General to become PresidentTrue
85%
Woodrow Wilson was President during World War OneTrue
84%
Abraham Lincoln was born in a log cabinTrue
83%
Four of the first five Presidents were from VirginiaTrue
82%
John F. Kennedy appointed his brother Robert to be Attorney GeneralTrue
82%
Lyndon B. Johnson was a member of the Democratic PartyTrue
81%
Donald Trump is the first President to have been divorcedFalse
80%
Franklin Roosevelt was Theodore Roosevelt's grandsonFalse
79%
James Buchanan is generally considered to be one of the worst Presidents in U.S. historyTrue
79%
Bill Clinton was impeachedTrue
75%
U.S. involvement in the Vietnam War started during the Nixon administrationFalse
72%
Since the end of the Civil War, only Democrats or Republicans have held the PresidencyTrue
69%
If the President and Vice President were to die, the Secretary of State would become PresidentFalse
62%
George Washington was very short - only about 5'4" tallFalse
61%
Taft was the most recent President to wear facial hair as PresidentTrue
60%
Ronald Reagan was born in CaliforniaFalse
57%
In general, Thomas Jefferson was a proponent of increasing the power of the federal governmentFalse
56%
George W. Bush was elected to the Presidency twice but never won the popular voteFalse
49%

Score Distribution

Percentile by Number Answered

Percent of People with Each Score

Your Score History

You have not taken this quiz